Normal view
MARC view
- الشعر العربي-الأردن-تاريخ و نقد -فلسطين- شعراء عرب-القرن العشرون-مقابلات
Entry Topical Term
001 - CONTROL NUMBER
- control field: 49317
003 - CONTROL NUMBER IDENTIFIER
- control field: JO-AjAnu
005 - DATE AND TIME OF LATEST TRANSACTION
- control field: 20230606082128.0
008 - FIXED-LENGTH DATA ELEMENTS
- fixed length control field: 230606|| aca||aabn | a|a d
040 ## - CATALOGING SOURCE
- Original cataloging agency: JO-AjAnu
- Transcribing agency: JO-AjAnu
150 ## - HEADING--TOPICAL TERM
- Topical term or geographic name entry element: الشعر العربي-الأردن-تاريخ و نقد -فلسطين- شعراء عرب-القرن العشرون-مقابلات
670 ## - SOURCE DATA FOUND
- Source citation: Work cat.: (JO-AjAnu)25221: أبو لبن، زياد, author 49316, رؤيا من الداخل (2) حوارات مع الشعراء